| 000 | 00642nam a2200241Ia 4500 | ||
|---|---|---|---|
| 005 | 20250425162202.0 | ||
| 008 | 250425s9999 xx 000 0 und d | ||
| 020 | _a0080444482 | ||
| 041 | _aeng | ||
| 082 | _a333.7915 | ||
| 100 | _aCLARK II, WOODROW W. | ||
| 245 | 0 | _aAGILE ENERGY SYSTEMS: GLOBAL LESSONS FROM THE CALIFORNIA ENERGY CRISIS | |
| 250 | _a11TH ED. | ||
| 260 | _aCALIFORNIA CITY | ||
| 260 |
_aEstados Unidos _bELSEVIER _c2004 |
||
| 300 | _a495 | ||
| 500 | _aELSEVIER GLOBAL ENERGY POLICY AND ECONOMIC SERIES | ||
| 650 | _aCALIFORNIA | ||
| 650 | _aENERGIA | ||
| 710 | _aELSEVIER | ||
| 942 | _c01 | ||
| 010 | _a54809 | ||
| 999 |
_c224062 _d224062 |
||